| 000 | 00874nam a22003017a 4500 | ||
|---|---|---|---|
| 001 | 5244 | ||
| 003 | FISKH | ||
| 005 | 20250820094717.0 | ||
| 008 | 241121b cb ||||| |||| 00| 0 eng d | ||
| 020 | _a9780590275569 | ||
| 040 |
_aFISKH _beng _cFISKH _dFISKH |
||
| 050 | _aPZ7.T7975 | ||
| 082 | _a428.6 | ||
| 100 |
_aTuchman, Gail _d(1944-) |
||
| 245 |
_aSwing, swing, swing / _cWritten by Gail Tuchman Pictures by Shelley Dieterichs |
||
| 250 | _aPublished by 1994 | ||
| 260 |
_aNew York : _bScholastic, _c1994. |
||
| 300 |
_a16 pages : _bcolor illustrations l _c24 cm |
||
| 505 | _aE | ||
| 520 | _aA young girl takes all her pets on the swing. | ||
| 521 | 8 |
_a240
_bLexile |
|
| 521 | 8 |
_aE
_bRaz-Plus |
|
| 650 |
_2Animals _aFiction |
||
| 650 |
_2Pets _aPicture book |
||
| 700 |
_aDieterichs, Shelley _dIllustrator |
||
| 942 |
_2ddc _cBK _n0 |
||
| 999 |
_c5244 _d5244 |
||